00916nam a2200253 a 450000100100000000500170001000800410002702000160006804000250008404100390010908200240014810000260017224000470019824500550024525000110030026000460031130000280035753400670038550400320045265000240048404900090050895201280051799900170064500002580220200930024048.0100308s1974 sp 000 d spa d a84714602849 aDO-SdBNPbspacBNPHU17aspahfre2Código de idiomas MARC a551.48bR386t, 19741 aRemenieras, G.95261210aL´hydrologie del l´ingenieur.lEspañol10aTratado de hidrología aplicada /cG. Remenieras. a2a ed. aBarcelona :bTécnicos Asociados,c1974. a515 p. :bil. ;c25 cm. aTítulo de la obra original :tL´hydrologie del l´ingenieur aBibliografía : 514-515 p. 4aHidrología952613 aBNPD 001054708MOaGRbGRcCTd2011-02-22iLF1l0o551.48 R386t, 1974p25802-10r2020-06-25w2020-06-25y4ZPréstamo en sala c25294d25294